| 000 | 01462nam a22003857a 4500 | ||
|---|---|---|---|
| 003 | CHAP | ||
| 005 | 20250515062727.0 | ||
| 008 | 971013s1977 r 00010 d | ||
| 010 | _a53949 | ||
| 011 | _a54921 | ||
| 035 | _a59073 | ||
| 040 | _cCHAP | ||
| 090 | _aTesis | ||
| 100 | 0 | 0 |
_aRussildi Montellano, Giovanni V. _9100981 |
| 245 | _aEfecto y comparación técnico económico del cultivo mecánico y el control químico con atrazina de malezas en la producción de forraje y grano de maíz y en calidad de forraje con dos distancias entre plantas en Apodaca, N. L. | ||
| 260 |
_aMonterrey, N. L. : _bEl autor, _c1977 |
||
| 300 | _a81 h. | ||
| 502 | _aTesis (Ing. Agr. Administrador) -- ITESM. División de Ciencias Agropecuarias y Marítimas | ||
| 590 |
_aALEPH _b10 _c20130110 _lUCH01 _h1331 |
||
| 590 |
_aBATCH-UPD _b10 _c20130110 _lUCH01 _h0304 |
||
| 590 |
_aBATCH-UPD _b10 _c20130110 _lUCH01 _h1309 |
||
| 590 |
_aBATCH-UPD _b10 _c20130409 _lUCH01 _h2336 |
||
| 590 |
_aBATCH-UPD _b10 _c20130914 _lUCH01 _h1607 |
||
| 590 |
_aCONVERSION _b10 _c20130109 _lUCH01 _h1329 |
||
| 650 | 1 | 4 |
_aHerbicidas. _953691 |
| 650 | 1 | 4 |
_aMaíz como forraje. _971109 |
| 650 | 1 | 7 |
_aMaíz _xCostos de producción _2 _970915 |
| 650 | 1 | 4 |
_aMaíz _xEspaciamiento. _970946 |
| 650 | 1 | 4 |
_aMaíz _xNuevo León. _971029 |
| 650 | 1 | 4 |
_aMaíz _xRendimiento. _971051 |
| 650 | 1 | 4 |
_aMalas hierbas _xControl. _970011 |
| 901 | _aBK | ||
| 942 | _cTESIS | ||
| 949 |
_bBC _cTES _d-127886 _eTS1 _i59073 _si |
||
| 999 |
_c53949 _d53949 |
||